Statistics for Rock Albums #19

Click here to take the quiz!

General Stats

  • This quiz has been taken 8 times
  • The average score is 7 of 20

Answer Stats

AlbumYear of releaseArtist% Correct
Electric Ladyland1968The Jimi Hendrix Experience
88%
Physical Graffiti1975Led Zeppelin
75%
A Little Ain't Enough1991David Lee Roth
63%
Rust in Peace1990Megadeth
63%
Reign In Blood1986Slayer
63%
Shout at the Devil1983Motley Crue
50%
Bomber1979Motorhead
50%
Superunkown1994Soundgarden
50%
Sandinista!1980The Clash
50%
Skin And Bones2006Foo Fighters
38%
Tankg2024IDLES
38%
Boneshaker2019Airbourne
13%
Will to Power2017Arch Enemy
13%
Evangelion2009Behemoth
13%
Bummer2021Cleopatrick
13%
Blossom2015Frank Carter And The Rattlesnakes
13%
Orchestra Of Wolves2007Gallows
13%
From Mars To Sirius2005Gojira
13%
Meir2013Kvelertak
13%
Ass Cobra1996Turbonegro
13%

Score Distribution

Percentile by Number Answered

Percent of People with Each Score

Your Score History

You have not taken this quiz